000 00873cam a22002651 4500
001 gs 62000184
003 DLC
005 20260227111411.0
008 760616s1961 xx 000 0 eng
010 _ags 62000184
035 _a(OCoLC)2230806
040 _aDLC
_cMeU-P
_dDLC
042 _apremarc
050 0 0 _aQE171
_b.A3 no. 19
100 1 _aStewart, David Perry,
_d1916-2009.
245 1 4 _aThe glacial geology of Vermont.
260 _aMontpelier,
_bVermont Development Dept.,
_c1961.
300 _a124 p.
_billus., maps (2 fold., 1 col. in pocket) diagrs., tables.
_c23 cm.
490 1 _aVermont. Geological Survey. Bulletin no. l9.
504 _aBibliography: p. 114-124.
650 0 _aGeology, Stratigraphic
_yPleistocene.
650 0 _aGlacial epoch
_zVermont.
650 0 _aGeology
_zVermont.
810 1 _aVermont.
_bState Geologist.
_tBulletin ;
_vno. l9.
999 _c29617
_d29617